000 00946nam a22003017a 4500
001 6981
003 FISKH
005 20250613143309.0
008 250613b cb ||||| |||| 00| 0 eng d
020 _a9780590273756
040 _aFISKH
_beng
_cFISKH
_dFISKH
050 _aPZ7.F8475
082 _a428.6
100 _aFranco, Betsy
245 _aBo and Peter /
_cWritten by Betsy Franco ; Illustrated by Stacey Schuett
250 _aThis edition first published in 1994
260 _aNew York :
_bScholastic,
_c1994
300 _a16 pages :
_bcolor illustrations ;
_c16 x 24 cm
505 _aG
520 _aAlthough one is in a wheelchair, best friends Bo and Peter participate in the same physical activities.
521 8 _a300
_bLexile
521 8 _aG
_bRaz-Plus
650 _2Friends
_aBaggy books
650 _2Wiggleworks
_aDisabilty's
700 _aSchuett, Stacey
_dillustrator
942 _2ddc
_cBK
_n0
999 _c6981
_d6981